Development Dyslexia (Record no. 1309405)
[ view plain ]
| 000 -LEADER | |
|---|---|
| fixed length control field | 00478nam a22001817a 4500 |
| 003 - CONTROL NUMBER IDENTIFIER | |
| control field | OSt |
| 005 - DATE AND TIME OF LATEST TRANSACTION | |
| control field | 20250425151003.0 |
| 008 - FIXED-LENGTH DATA ELEMENTS--GENERAL INFORMATION | |
| fixed length control field | 250425b |||||||| |||| 00| 0 eng d |
| 020 ## - INTERNATIONAL STANDARD BOOK NUMBER | |
| International Standard Book Number | 9781598571868 |
| 040 ## - CATALOGING SOURCE | |
| Transcribing agency | RDA |
| 100 ## - MAIN ENTRY--PERSONAL NAME | |
| Personal name | Benasich,April A., |
| Relator term | Author |
| 9 (RLIN) | 753044 |
| 245 ## - TITLE STATEMENT | |
| Title | Development Dyslexia |
| 260 ## - PUBLICATION, DISTRIBUTION, ETC. | |
| Place of publication, distribution, etc. | London |
| Name of publisher, distributor, etc. | Brookes Publications |
| Date of publication, distribution, etc. | 2012 |
| 300 ## - PHYSICAL DESCRIPTION | |
| Extent | xxiv,347 |
| 650 ## - SUBJECT ADDED ENTRY--TOPICAL TERM | |
| Source of heading or term | Neurobehavioral |
| 700 ## - ADDED ENTRY--PERSONAL NAME | |
| Personal name | Fitch,R. Holly., |
| Relator term | Editor |
| 9 (RLIN) | 753045 |
| 942 ## - ADDED ENTRY ELEMENTS (KOHA) | |
| Source of classification or shelving scheme | Colon Classification (CC) |
| Koha item type | General Books |
| Suppress in OPAC | No |
No items available.
